Utterly Uncle Fred /

Whenever Uncle Fred arrives in London, problems get solved, true lovers are reunited and his nephew Pongo goes into spasms.

Bibliographic Details
Main Author: Wodehouse, P. G. (Pelham Grenville), 1881-1975
Format: Book
Language:English
Published: New York : W. W. Norton & Company, [2012?]
Subjects:

MARC

Tag First Indicator Second Indicator Subfields
LEADER 00000cam a2200000 a 4500
001 in00002786789
005 20151202171643.0
008 120221s2012 nyu 000 1 eng
010 |a  2012007004 
020 |a 9780393343779 (pbk.) 
020 |a 0393343774 (pbk.) 
035 |a (OCoLC)ocn777948526 
040 |a DLC  |c DLC  |d UtOrBLW 
043 |a e-uk-en 
049 |a TXAM 
050 0 0 |a PR6045.O53  |b U88 2012 
082 0 0 |a 823/.912  |2 23 
100 1 |a Wodehouse, P. G.  |q (Pelham Grenville),  |d 1881-1975. 
245 1 0 |a Utterly Uncle Fred /  |c P.G. Wodehouse. 
264 1 |a New York :  |b W. W. Norton & Company,  |c [2012?] 
300 |a 654 pages ;  |c 24 cm. 
336 |a text  |b txt  |2 rdacontent 
337 |a unmediated  |b n  |2 rdamedia 
338 |a volume  |b nc  |2 rdacarrier 
505 0 |a Uncle Fred flits by -- Uncle dynamite -- Cocktail time -- Service with a smile. 
520 |a Whenever Uncle Fred arrives in London, problems get solved, true lovers are reunited and his nephew Pongo goes into spasms. 
650 0 |a Blandings Castle (England : Imaginary place)  |v Fiction. 
651 0 |a Shropshire (England)  |v Fiction. 
650 0 |a Nobility  |v Fiction. 
650 0 |a Humorous stories. 
945 |a PromptCat  |b 115965 
946 |a stk 
947 |a A14836011280 
948 |a cataloged  |b h  |c 2012/12/6  |d c  |e dmitchel  |f 3:10:20 pm 
994 |a 92  |b TXA 
999 |a MARS 
999 f f |s 898a7130-8b37-3dd5-b2ae-03c008f1da89  |i dabe32be-8efc-3b81-98be-a1a60d687ab0  |t 0 
952 f f |p newbook  |a Texas A&M University  |b College Station  |c Sterling C. Evans Library  |d Evans: New Book Shelves (1st floor)  |t 0  |e PR6045.O53 U88 2012  |h Library of Congress classification  |i unmediated -- volume  |m A14836011280 
998 f f |a PR6045.O53 U88 2012  |t 0  |l Evans: Library Stacks